LEADER 01339nam0-2200397li-450 001 990000136900203316 005 20180312154827.0 035 $a0013690 035 $aUSA010013690 035 $a(ALEPH)000013690USA01 035 $a0013690 100 $a2001990041981-------y0itay0103----ba 101 0 $aita 102 $aIT 200 1 $aGuida mondiale dei transistori$eequivalenze, caratteristiche elettriche e meccaniche, fabbricanti, distributori$fT.D.Towers 205 $aEd. italiana 210 $aMilano$cJackson$d1981 215 $a287 p$d26 cm. 312 $aTrad. di: towers' international transistors selector 312 $aTrad. di: Towers' international transitor selector 454 0$12001$aTowers' international transitor selector$91501214 610 1 $atransistors 676 $a621.381 700 1$aTowers,$bThomas Dundas$050971 801 $aSistema bibliotecario di Ateneo dell' Università di Salerno$gRICA 912 $a990000136900203316 951 $a621.381 TOW$b10116/CBS$c621.381$d00327116 959 $aBK 969 $aSCI 979 $c19900424 979 $c20001110$lUSA01$h1711 979 $c20020403$lUSA01$h1621 979 $aPATRY$b90$c20040406$lUSA01$h1610 979 $aRSIAV6$b90$c20090911$lUSA01$h1234 996 $aTowers' international transitor selector$91501214 997 $aUNISA LEADER 04862nam 2201453Ia 450 001 9910963690003321 005 20251107091757.0 010 $a0-7618-9265-6 010 $a0-7618-8316-9 010 $a1-283-61375-1 010 $a9786613926203 010 $a0-7618-5329-4 024 7 $a10.5040/9780761892656 035 $a(CKB)3360000000435056 035 $a(EBL)1124490 035 $a(OCoLC)854970459 035 $a(SSID)ssj0000767923 035 $a(PQKBManifestationID)12331911 035 $a(PQKBTitleCode)TC0000767923 035 $a(PQKBWorkID)10759190 035 $a(PQKB)10652581 035 $a(Au-PeEL)EBL1124490 035 $a(CaPaEBR)ebr10606991 035 $a(CaONFJC)MIL392620 035 $a(MiAaPQ)EBC1124490 035 $a(UkLoBP)BP9780761892656BC 035 $a(EXLCZ)993360000000435056 100 $a20100814d2010 uy 0 101 0 $aeng 135 $aur|n|---||||| 181 $ctxt 182 $cc 183 $acr 200 10$aAfrican religion defined $ea systematic study of ancestor worship among the Akan /$fAnthony Ephirim-Donkor 210 $aLanham $cUniversity Press of America$d2012 210 2$aNew York :$cBloomsbury Publishing(US),$d2012. 215 $a1 online resource (160 p.) 300 $aDescription based upon print version of record. 311 08$a0-7618-5328-6 320 $aIncludes bibliographical references (p. [141]-142) and index. 327 $aCover; Title Page; Copyright Page; Table of Contents; Preface; Chapter 1: Cosmology; Chapter 2: Witchcraft; Chapter 3: Sacrifices and Offerings; Chapter 4: Living Ancestors; Chapter 5: The Ancestors Stool; Endnotes; Glossary; Selected Bibliography; Index; About the Author 330 $aThe author, a traditional king and professor, studies the Akan in Ghana to demonstrate that ancestor worship is as pragmatic, systematic, theological, teleological, soteriological - with a highly trained clerical body and elders as mediators - and symbolic as any other religion in the world. 606 $aAkan (African people)$xReligion 606 $aAncestor worship$zCo?te d'Ivoire 606 $aAncestor worship$zGhana 606 $aAfrican American Studies$2bisacsh 606 $aAkan (African people)$xReligion$2fast$3(OCoLC)fst00803946 606 $aAncestor worship$2fast$3(OCoLC)fst00808464 606 $aAnthropology$2bisacsh 606 $aAntiquities & Archaeology$2bisacsh 606 $aArchaeology$2bisacsh 606 $aCultural$2bisacsh 606 $aCustoms & Traditions$2bisacsh 606 $aDeism$2bisacsh 606 $aDevotional$2bisacsh 606 $aEthnic & Tribal$2bisacsh 606 $aEthnic Studies$2bisacsh 606 $aFaith$2bisacsh 606 $aHistory$2bisacsh 606 $aMethodology$2bisacsh 606 $aMysticism$2bisacsh 606 $aPhilosophy$2bisacsh 606 $aRegional Studies$2bisacsh 606 $aRELIGION$2bisacsh 606 $aSOCIAL SCIENCE$2bisacsh 606 $aSociology of Religion$2bisacsh 606 $aSociology$2bisacsh 607 $aCo?te d'Ivoire$xReligious life and customs 607 $aGhana$xReligious life and customs 607 $aCo?te d'Ivoire$2fast$1https://id.oclc.org/worldcat/entity/E39QbtfRvHJMCGGH6yqTvBXWrY 607 $aGhana$2fast$1https://id.oclc.org/worldcat/entity/E39PBJrwWdFrtwYQThrFvRGJXd 615 0$aAkan (African people)$xReligion. 615 0$aAncestor worship 615 0$aAncestor worship 615 7$aAfrican American Studies. 615 7$aAkan (African people)$xReligion. 615 7$aAncestor worship. 615 7$aAnthropology. 615 7$aAntiquities & Archaeology. 615 7$aArchaeology. 615 7$aCultural. 615 7$aCustoms & Traditions. 615 7$aDeism. 615 7$aDevotional. 615 7$aEthnic & Tribal. 615 7$aEthnic Studies. 615 7$aFaith. 615 7$aHistory. 615 7$aMethodology. 615 7$aMysticism. 615 7$aPhilosophy. 615 7$aRegional Studies. 615 7$aRELIGION. 615 7$aSOCIAL SCIENCE. 615 7$aSociology of Religion. 615 7$aSociology. 676 $a299.683385 700 $aEphirim-Donkor$b Anthony$0662162 712 02$aBloomsbury (Firm), 801 0$bEBLCP 801 1$bEBLCP 801 2$bOCLCQ 801 2$bZCU 801 2$bMERUC 801 2$bICG 801 2$bOCLCO 801 2$bOCLCF 801 2$bOCLCQ 801 2$bDKC 801 2$bOCLCQ 801 2$bOCLCO 801 2$bOCLCQ 801 2$bOCLCO 801 2$bOCLCL 801 2$bCLOUD 801 2$bOCLCQ 801 2$bOCLCL 801 2$bOCLCQ 801 2$bUtOrBLW 906 $aBOOK 912 $a9910963690003321 996 $aAfrican religion defined$93940051 997 $aUNINA 999 $cEBook LEADER 01215nas 2200433 c 450 001 9910132517403321 005 20260218111801.0 035 $a(CKB)3580000000000448 035 $a(DE-599)ZDB2837314-5 035 $a(DE-101)1077652615 035 $a(NjHacI)993580000000000448 035 $a(DE-599)2837314-5 035 $a(EXLCZ)993580000000000448 100 $a20151016a20129999 |y | 101 0 $ager 135 $aur||||||||||| 181 $ctxt$2rdacontent 182 $cc$2rdamedia 183 $acr$2rdacarrier 200 00$aFlachbahn$edas Infomagazin der Alptransit Gotthard AG$h[...]$iUri 210 31$aAltdorf$cAlptransit Gotthard$d2012- 215 $aOnline-Ressource 300 $aGesehen am 16.10.15 517 $aFlachbahn. Uri 517 $aGotthard-Basistunnel: Uri 517 1 $aFlachbahn / Uri 606 $aTunnels$xDesign and construction 608 $aZeitschrift.$2gnd-content 615 0$aTunnels$xDesign and construction. 676 $a380 676 $a620 712 02$aAlpTransit Gotthard AG,$4isb 801 0$b0355 801 1$bDE-101 801 2$b9999 906 $aJOURNAL 912 $a9910132517403321 996 $aFlachbahn$91994043 997 $aUNINA